| 000 -ლიდერი |
| ფიქსირებული სიგრძის საკონტროლო ველი |
01020nam a2200217Ia 4500 |
| 001 - საკონტროლო ნომერი |
| საკონტროლო ველი |
91 |
| 003 - საკონტროლო ნომრის იდენტიფიკატორი |
| საკონტროლო ველი |
GE_BSU |
| 005 - ბოლო ოპერაციის თარიღი და დრო |
| საკონტროლო ველი |
20220901143026.0 |
| 008 - ფიქსირებული სიგრძის მონაცემთა ელემენტები - ზოგადი ინფორმაცია |
| ფიქსირებული სიგრძის საკონტროლო ველი |
181216s2000||||ge |||||||||||||| ||geo|| |
| 040 ## - კატალოგიზაციის წყარო |
| Transcribing agency |
GE_BSU |
| 041 ## - ენის კოდი |
| Language code of text/sound track or separate title |
geo |
| 080 ## - უნივერსალური ათობითი კლასიფიკაციის ინდექსი |
| Universal Decimal Classification number |
61(076):57 შ–15 |
| 100 ## - მთავარი ჩანაწერი - პიროვნების სახელი |
| Personal name |
შათირიშვილი, ა. |
| 9 (RLIN) |
2669 |
| 245 ## - ცნობა სათაურის შესახებ |
| Title |
სამედიცინო ბიოლოგია : |
| Remainder of title |
პრაქტიკული კურსი : [სახელმძღვ. უმაღლ. სასწ. სტუდ.] / |
| Statement of responsibility, etc |
ა. შათირიშვილი, ი. ჭუჭულაშვილი, ქ. ჩიქვინიძე ; [რედ.: ს. ცაგარელი]. |
| 264 ## - წარმოების, გამოცემის, დისტრიბუციის და სხვა ცნობები |
| გამოცემის, წარმოების, დისტრიბუციის... ადგილი |
თბილისი, |
| გამოცემის, წარმოების, დისტრიბუციის... თარიღი |
2000. |
| 300 ## - ფიზიკური აღწერა |
| Extent |
312 გვ.; |
| Other physical details |
20 სმ. |
| 653 ## - INDEX TERM--UNCONTROLLED |
| Uncontrolled term |
სამედიცინო ბიოლოგია |
| 700 ## - ADDED ENTRY--PERSONAL NAME |
| Personal name |
ჭუჭულაშვილი, ი. |
| Relator term |
ავტორი |
| 9 (RLIN) |
2670 |
| 700 ## - ADDED ENTRY--PERSONAL NAME |
| Personal name |
ჩიქვინიძე, ქ. |
| Relator term |
ავტორი |
| 9 (RLIN) |
14568 |
| 942 ## - ADDED ENTRY ELEMENTS (KOHA) |
| Koha item type |
წიგნი |
| Source of classification or shelving scheme |
|